000 00302nam a2200133Ia 4500
005 20251222144833.0
008 251222s9999||||xx |||||||||||||| ||spa||
020 _a3-8331-1485-1
082 _a722.7/H56
100 _aHintzen Bohler, Brigitte
245 0 _aRoma:
264 _bKONEMANN
942 _cLIB
999 _c20946
_d20946